[Event "Brno Trade op-A 37th"]
[Site "Brno"]
[Date "2012.08.27"]
[Round "3"]
[White "Mares, Jan"]
[Black "Sarson, Otakar"]
[Result "1-0"]
[WhiteElo "1920"]
[BlackElo "1728"]
[PlyCount "45"]
[EventDate "2012.08.26"]
[EventType "swiss"]
[EventRounds "9"]
[EventCountry "CZE"]
[SourceTitle "CBM 150 Extra"]
[Source "ChessBase"]
[SourceDate "2012.10.19"]
[SourceVersion "1"]
[SourceVersionDate "2012.10.19"]
[SourceQuality "1"]

1. e4 c6 2. d4 d5 3. Nc3 dxe4 4. Nxe4 Bf5 5. Ng3 Bg6 6. Nf3 Nd7 7. h4 h6 8. h5 Bh7 9. Bd3 Bxd3 10. Qxd3 e6 11. Bf4 Ngf6 12. 0-0-0 Nd5 13. Bd2 Qb6 14. Ne4 a5 15. Ne5 Qc7 16. Rhe1 Nb4 17. Bxb4 axb4 18. Kb1 Qa5 19. Qb3 Qd5 20. Qxd5 exd5 21. Nc5 0-0-0 22. Nxf7 Bxc5 23. Nxh8 1-0

[Event "Brno Trade op"]
[Site "Brno"]
[Date "2010.08.26"]
[Round "6"]
[White "Glacner, Karel"]
[Black "Sarson, Otakar"]
[Result "1-0"]
[WhiteElo "1795"]
[BlackElo "1757"]
[PlyCount "89"]
[EventDate "2010.08.22"]
[EventType "swiss"]
[EventRounds "9"]
[EventCountry "CZE"]
[SourceTitle "CBM 138 Extra"]
[Source "ChessBase"]
[SourceDate "2010.10.29"]
[SourceVersion "1"]
[SourceVersionDate "2010.10.29"]
[SourceQuality "1"]

1. d4 d5 2. c4 c6 3. Qa4 Nf6 4. Nc3 Bf5 5. Bg5 dxc4 6. Bxf6 exf6 7. Qxc4 Qb6 8. e4 Be6 9. Qd3 Nd7 10. Qd2 Rd8 11. Rd1 Bb4 12. b3 Qa5 13. Nge2 Nc5 14. f3 Nxe4 15. fxe4 Bg4 16. Rc1 0-0 17. h3 Bh5 18. g4 Bg6 19. Bg2 Rfe8 20. Ng3 f5 21. gxf5 Bxf5 22. 0-0 Bg6 23. Nf5 Qb6 24. Qf2 Bxf5 25. exf5 Rxd4 26. Na4 Qd8 27. Rc2 Re7 28. Re2 Rxe2 29. Qxe2 Rd2 30. Qg4 Be7 31. Nc3 h5 32. Qf4 Bd6 33. Qe4 Bc7 34. Ne2 Rxa2 35. Nf4 Qd6 36. f6 g6 37. Qe8+ Qf8 38. Qxf8+ Kxf8 39. Nd3 Rd2 40. Nc5 Bb6 41. b4 a5 42. Kh1 axb4 43. Ra1 b3 44. Nxb3 Rb2 45. Ra8+ 1-0

[Event "Brno Trade op"]
[Site "Brno"]
[Date "2010.08.25"]
[Round "5"]
[White "Skorepa, Tomas"]
[Black "Sarson, Otakar"]
[Result "1/2-1/2"]
[WhiteElo "1567"]
[BlackElo "1757"]
[PlyCount "78"]
[EventDate "2010.08.22"]
[EventType "swiss"]
[EventRounds "9"]
[EventCountry "CZE"]
[SourceTitle "CBM 138 Extra"]
[Source "ChessBase"]
[SourceDate "2010.10.29"]
[SourceVersion "1"]
[SourceVersionDate "2010.10.29"]
[SourceQuality "1"]

1. e4 c6 2. d4 d5 3. Nc3 dxe4 4. Nxe4 Bf5 5. Ng3 Bg6 6. h4 h6 7. h5 Bh7 8. Nf3 Nd7 9. Bd3 Bxd3 10. Qxd3 e6 11. Bf4 Ngf6 12. 0-0-0 Nd5 13. Bd2 Qc7 14. c4 Nb4 15. Qb3 a5 16. Bxb4 axb4 17. Kb1 Nf6 18. Rhe1 Bd6 19. Ne4 Nxe4 20. Rxe4 c5 21. d5 e5 22. Nxe5 f5 23. Ree1 0-0 24. Ng6 Rfe8 25. Qf3 Qf7 26. Re3 Rxe3 27. fxe3 b5 28. b3 bxc4 29. bxc4 b3 30. axb3 Qf6 31. Rd2 Qa1+ 32. Kc2 Qa2+ 33. Kc3 Qa1+ 34. Kd3 Qb1+ 35. Ke2 Qxb3 36. Qxf5 Qxc4+ 37. Kf3 Qf1+ 38. Rf2 Qd1+ 39. Re2 Qf1+ 1/2-1/2

[Event "Olexa Memorial op"]
[Site "Brno"]
[Date "2009.12.28"]
[Round "4"]
[White "Matzner, Radomil"]
[Black "Sarson, Otakar"]
[Result "1-0"]
[WhiteElo "1846"]
[BlackElo "1717"]
[PlyCount "41"]
[EventDate "2009.12.26"]
[EventType "swiss"]
[EventRounds "7"]
[EventCountry "CZE"]
[SourceTitle "CBM 134 Extra"]
[Source "ChessBase"]
[SourceDate "2010.03.03"]
[SourceVersion "1"]
[SourceVersionDate "2010.03.03"]
[SourceQuality "1"]

1. d4 d5 2. c4 c6 3. e3 Nf6 4. Nf3 Bg4 5. Nc3 a6 6. cxd5 cxd5 7. Be2 Nbd7 8. 0-0 e6 9. Bd2 Bd6 10. Rc1 0-0 11. h3 Bh5 12. Nh2 Bxe2 13. Qxe2 b5 14. a3 Nb6 15. f4 Ne4 16. Nxe4 dxe4 17. Ba5 f5 18. Rc6 Rb8 19. Rfc1 Rf7 20. Bxb6 Qf8 21. Bc5 1-0

[Event "Olexa Memorial op"]
[Site "Brno"]
[Date "2009.12.27"]
[Round "2"]
[White "Vesely, Jaromir"]
[Black "Sarson, Otakar"]
[Result "0-1"]
[WhiteElo "2072"]
[BlackElo "1717"]
[PlyCount "74"]
[EventDate "2009.12.26"]
[EventType "swiss"]
[EventRounds "7"]
[EventCountry "CZE"]
[SourceTitle "CBM 134 Extra"]
[Source "ChessBase"]
[SourceDate "2010.03.03"]
[SourceVersion "1"]
[SourceVersionDate "2010.03.03"]
[SourceQuality "1"]

1. Nf3 d5 2. g3 c6 3. Bg2 Nf6 4. b3 Bg4 5. Ne5 Be6 6. Bb2 Nbd7 7. f4 Ng4 8. Nxg4 Bxg4 9. h3 Be6 10. Nc3 f5 11. e3 Bf7 12. Ne2 Rg8 13. Nd4 g6 14. Qe2 Qc7 15. 0-0-0 0-0-0 16. g4 e6 17. Kb1 Bg7 18. c3 Kb8 19. Nf3 h6 20. gxf5 exf5 21. h4 Nf6 22. Ne5 Ne4 23. Nxf7 Qxf7 24. Qf3 Bf6 25. Kc2 Qg7 26. h5 g5 27. fxg5 Qxg5 28. Bh3 f4 29. Qxf4+ Qxf4 30. exf4 Nf2 31. Rdf1 Nxh1 32. Rxh1 d4 33. Rh2 d3+ 34. Kb1 Rg1+ 35. Bc1 Bxc3 36. Be6 Bf6 37. f5 Rd4 0-1

[Event "Karlovy Vary op"]
[Site "Karlovy Vary"]
[Date "2009.04.29"]
[Round "1"]
[White "Salewski, Bernd"]
[Black "Sarson, Otakar"]
[Result "1-0"]
[WhiteElo "2037"]
[BlackElo "1622"]
[PlyCount "65"]
[EventDate "2009.04.29"]
[EventType "swiss"]
[EventRounds "7"]
[EventCountry "CZE"]
[SourceTitle "CBM 130 Extra"]
[Source "ChessBase"]
[SourceDate "2009.07.02"]
[SourceVersion "2"]
[SourceVersionDate "2009.07.15"]
[SourceQuality "1"]

1. d4 d5 2. Nc3 Nf6 3. Bg5 e6 4. e4 Be7 5. e5 Nfd7 6. h4 h6 7. Bxe7 Qxe7 8. Qg4 f5 9. Qg6+ Qf7 10. Qg3 a6 11. Nce2 c5 12. c3 Nc6 13. f4 c4 14. Nf3 Nf8 15. Nd2 Bd7 16. b3 b5 17. a4 Na7 18. Qf3 Bc6 19. g4 bxa4 20. bxa4 Rb8 21. gxf5 exf5 22. Bh3 Bd7 23. Ng3 Nh7 24. Bg2 Be6 25. Ke2 Kd7 26. Rhb1 Rhc8 27. Rxb8 Rxb8 28. Nxc4 dxc4 29. d5 Rb2+ 30. Ke3 Rxg2 31. dxe6+ Kxe6 32. Qxg2 g5 33. Rd1 1-0